Berlingske Tidende

Bibliographic Details
Format: Unknown
Language:Danish
Published: Copenhagen : Berlingske Tidende A/S, 1841-
Subjects:
Online Access:http://www.vlex.com/source/7299

MARC

LEADER 00000 a2200000 4500
005 20130322153743.0
007 cr|||| ||||
008 130322c18419999dk dr|p s|||| 0|||b1dan d
035 |a 7299 
040 |a vLex 
090 |c 4002  |d 4002 
245 0 0 |a Berlingske Tidende  |h [Recurso electrn̤ico] 
256 |a Servicio en ln̕ea 
260 |a Copenhagen :  |b Berlingske Tidende A/S,   |c 1841- 
300 |a 1 Recurso electrn̤ico 
506 |d vLex Global  |d vLex Global (Academic Edition, excluding Law Schools)  |d vLex Global (U.S. Academic Edition, Law Schools)  |d vLex Global (U.S. Academic Edition, excluding Law Schools)  |d vLex Global (Academic Edition, Law Schools) 
650 0 4 |a Informacin̤ general  |v Revistas 
740 |a vLex Revistas (Servicio en ln̕ea) 
856 |a Acceso restringido  |u http://www.vlex.com/source/7299 
942 |c REV 
999 0 |a News